[Event "2. Bundesliga Ost 2019/2020"]
[Site "alle Wien"]
[Date "2020.03.01"]
[Round "9"]
[Board "1"]
[White "Schwarz, Dusan"]
[Black "Peyrer, Konstantin"]
[Result "0-1"]
[WhiteElo "2315"]
[BlackElo "2286"]
[PlyCount "160"]
[EventDate "2019.10.19"]
[EventType "team"]
[EventRounds "11"]
[EventCountry "AUT"]
[WhiteTeam "Amateure"]
[BlackTeam "mpimmo Wien - SK Ottakring"]

1. Nf3 Nf6 2. c4 g6 3. Nc3 Bg7 4. e4 e5 5. Nxe5 O-O 6. d4 Re8 7. Be2 d6 8. Nf3
Nxe4 9. Nxe4 Rxe4 10. O-O Nc6 11. Be3 d5 12. Rc1 Re8 13. cxd5 Ne7 14. Bg5 h6
15. Bh4 g5 16. Bg3 Nxd5 17. Ne5 Be6 18. a3 c6 19. Qc2 Qb6 20. Rfd1 Rad8 21. Nc4
Qa6 22. Nd6 Qb6 23. Nc4 Qa6 24. Nd6 Qb6 25. Nxe8 Rxe8 26. Be5 Bxe5 27. dxe5 Nf4
28. b4 Bb3 29. Qe4 Bxd1 30. Rxd1 Qc7 31. Bc4 Rxe5 32. Qf3 Qe7 33. g3 Re1+ 34.
Rxe1 Qxe1+ 35. Bf1 Nd5 36. Kg2 Qc3 37. Bd3 Kf8 38. Qf5 Nf6 39. Be2 Kg7 40. Qc8
Qe5 41. Bf3 Qe7 42. h3 Qd7 43. Qb8 a6 44. Qe5 Qd8 45. Qc3 Kg8 46. Qe5 Ne8 47.
Kh2 Nc7 48. Qf5 Ne6 49. Be4 Kf8 50. Kg2 Qd4 51. Bf3 Ke7 52. Qh7 Qg7 53. Qe4 Kd6
54. Bg4 Nd4 55. Qe8 f5 56. Qb8+ Kd5 57. Bh5 Kc4 58. Qd6 Qg8 59. Qc5+ Kd3 60.
Qe7 Qd5+ 61. Kg1 b5 62. Qe3+ Kc2 63. f4 Qe4 64. Qf2+ Kb3 65. Bf7+ Kc3 66. fxg5
hxg5 67. h4 gxh4 68. gxh4 Nf3+ 69. Kf1 Nxh4 70. Bh5 Qb1+ 71. Ke2 Qc2+ 72. Kf1
Qxf2+ 73. Kxf2 Kb3 74. Kg3 Kxa3 75. Kxh4 Kxb4 76. Kg5 a5 77. Kxf5 a4 78. Ke5 a3
79. Bf7 Kc3 80. Kd6 b4  0-1

[Event "2. Bundesliga Ost 2019/2020"]
[Site "alle Wien"]
[Date "2020.03.01"]
[Round "9"]
[Board "2"]
[White "Bauer, Thomas"]
[Black "Vlcek, Stanislav"]
[Result "0-1"]
[WhiteElo "2207"]
[BlackElo "2297"]
[PlyCount "44"]
[EventDate "2019.10.19"]
[EventType "team"]
[EventRounds "11"]
[EventCountry "AUT"]
[WhiteTeam "mpimmo Wien - SK Ottakring"]
[BlackTeam "Amateure"]

1. e4 c5 2. Nc3 d6 3. Nge2 Nf6 4. d4 cxd4 5. Nxd4 a6 6. Bg5 e6 7. f4 Nbd7 8.
Qe2 Qc7 9. O-O-O b5 10. a3 Be7 11. g4 Rb8 12. Bh4 Nb6 13. Rg1 Na4 14. Rd3 Nc5
15. Rh3 b4 16. axb4 Rxb4 17. Qe3 Qb6 18. g5 Nfxe4 19. g6 hxg6 20. Bxe7 Rxh3 21.
Bxh3 Rxd4 22. f5 Na4  0-1

[Event "2. Bundesliga Ost 2019/2020"]
[Site "alle Wien"]
[Date "2020.03.01"]
[Round "9"]
[Board "3"]
[White "Bachofner, Andreas"]
[Black "Steindl, Johannes"]
[Result "1/2-1/2"]
[WhiteElo "2213"]
[BlackElo "2278"]
[PlyCount "110"]
[EventDate "2019.10.19"]
[EventType "team"]
[EventRounds "11"]
[EventCountry "AUT"]
[WhiteTeam "Amateure"]
[BlackTeam "mpimmo Wien - SK Ottakring"]

1. e4 e5 2. Nf3 d6 3. d4 exd4 4. Nxd4 Nf6 5. Nc3 Be7 6. Be2 O-O 7. O-O Re8 8.
Re1 Bf8 9. Bf3 c6 10. Be3 Nbd7 11. Nb3 Ne5 12. h3 b5 13. a3 Bd7 14. Be2 Ng6 15.
f3 Nh5 16. Qd2 Qh4 17. Bf1 Nhf4 18. Ne2 Nxe2+ 19. Rxe2 h6 20. Bf2 Qf6 21. Bd4
Qh4 22. Bf2 Qh5 23. Ree1 Ne5 24. f4 Nc4 25. Qc3 d5 26. e5 Qg6 27. Bd3 Bf5 28.
g4 Bxd3 29. cxd3 Nb6 30. Rac1 Rac8 31. Nc5 h5 32. f5 Qg5 33. d4 hxg4 34. Qg3
Qxf5 35. hxg4 Qg6 36. Kg2 Nc4 37. b3 Nd2 38. Re2 Bxc5 39. Rxd2 Qe4+ 40. Kg1
Bxa3 41. Rcc2 Be7 42. Re2 Qg6 43. Be3 Bg5 44. Bxg5 Qxg5 45. Rh2 Re6 46. Rh5 Qe7
47. Qh3 Rh6 48. Rxh6 gxh6 49. Qxh6 Qe6 50. Qf4 Qg6 51. Rh2 Qb1+ 52. Kf2 Qc2+
53. Kf1 Qd3+ 54. Kf2 Qc2+ 55. Kf1 Qd3+  1/2-1/2

[Event "2. Bundesliga Ost 2019/2020"]
[Site "alle Wien"]
[Date "2020.03.01"]
[Round "9"]
[Board "4"]
[White "Steiner, Adam"]
[Black "Kuntner, Reinhard"]
[Result "0-1"]
[WhiteElo "2215"]
[BlackElo "2049"]
[PlyCount "66"]
[EventDate "2019.10.19"]
[EventType "team"]
[EventRounds "11"]
[EventCountry "AUT"]
[WhiteTeam "mpimmo Wien - SK Ottakring"]
[BlackTeam "Amateure"]

1. e4 Nf6 2. e5 Nd5 3. d4 d6 4. c4 Nb6 5. f4 dxe5 6. fxe5 Nc6 7. Be3 Bf5 8. Nc3
e6 9. Nf3 Bg4 10. Be2 Qd7 11. O-O h6 12. a4 a5 13. Nb5 Nb4 14. Qd2 O-O-O 15. b3
Kb8 16. Rac1 f6 17. exf6 gxf6 18. Bf4 Bd6 19. Nxd6 cxd6 20. c5 N6d5 21. Bxd6+
Ka7 22. Ne5 fxe5 23. Bxg4 e4 24. Qe2 h5 25. Bh3 e3 26. Qb5 Qxb5 27. axb5 e2 28.
Rfe1 Rxd6 29. cxd6 Nf4 30. d5 Nbd3 31. dxe6 Nxh3+ 32. gxh3 Rg8+ 33. Kh1 Nf2#
 0-1

[Event "2. Bundesliga Ost 2019/2020"]
[Site "alle Wien"]
[Date "2020.03.01"]
[Round "9"]
[Board "5"]
[White "Wiedermann, Daniel"]
[Black "Atzl, Florian"]
[Result "0-1"]
[WhiteElo "2084"]
[BlackElo "2175"]
[PlyCount "78"]
[EventDate "2019.10.19"]
[EventType "team"]
[EventRounds "11"]
[EventCountry "AUT"]
[WhiteTeam "Amateure"]
[BlackTeam "mpimmo Wien - SK Ottakring"]

1. d4 Nf6 2. c4 c5 3. d5 b5 4. cxb5 a6 5. f3 axb5 6. e4 Qa5+ 7. Bd2 b4 8. Na3
d6 9. Nc4 Qc7 10. a3 e6 11. dxe6 fxe6 12. Bf4 e5 13. Bg5 Nc6 14. Ne2 Be6 15.
Ng3 Nd4 16. Bd3 Be7 17. O-O O-O 18. h3 Kh8 19. axb4 Rxa1 20. Qxa1 cxb4 21. Qa6
Rc8 22. Rc1 Nb3 23. Nxd6 Nxc1 24. Nxc8 Bxc8 25. Qc4 Qc5+ 26. Kh2 Nxd3 27. Qxd3
Qd6 28. Qb5 Bd7 29. Qb7 h6 30. Be3 Kh7 31. Qa7 Be6 32. Qb7 Nd7 33. Nh5 Bf7 34.
Ng3 Bg6 35. Nh1 Nf8 36. Nf2 Ne6 37. Ba7 Bg5 38. g3 Qd2 39. Kg2 Nd4  0-1

[Event "2. Bundesliga Ost 2019/2020"]
[Site "alle Wien"]
[Date "2020.03.01"]
[Round "9"]
[Board "6"]
[White "Higatsberger, Michael"]
[Black "Jirovec, Alfred"]
[Result "1-0"]
[WhiteElo "2097"]
[BlackElo "2006"]
[PlyCount "57"]
[EventDate "2019.10.19"]
[EventType "team"]
[EventRounds "11"]
[EventCountry "AUT"]
[WhiteTeam "mpimmo Wien - SK Ottakring"]
[BlackTeam "Amateure"]

1. e4 e6 2. d4 d5 3. e5 c5 4. c3 Nc6 5. Nf3 Qb6 6. a3 a5 7. Be2 Bd7 8. O-O cxd4
9. cxd4 Nge7 10. Nc3 Nf5 11. Bd3 Nfxd4 12. Nxd4 Qxd4 13. Re1 Qb6 14. Bf4 Be7
15. Rc1 g5 16. Na4 Qd8 17. Be3 d4 18. Bd2 Qb8 19. Nb6 Ra7 20. Bb5 Qd8 21. Nxd7
Qxd7 22. Qh5 Qd8 23. Qh6 Kd7 24. Qh5 Ra8 25. Re4 Ke8 26. Rxc6 bxc6 27. Bxc6+
Kf8 28. Qh6+ Kg8 29. Rg4  1-0

[Event "2. Bundesliga Ost 2019/2020"]
[Site "alle Wien"]
[Date "2020.03.01"]
[Round "9"]
[Board "1"]
[White "Lizak, Peter"]
[Black "Hangweyrer, Manfred"]
[Result "1/2-1/2"]
[WhiteElo "2460"]
[BlackElo "2347"]
[PlyCount "28"]
[EventDate "2019.10.19"]
[EventType "team"]
[EventRounds "11"]
[EventCountry "AUT"]
[WhiteTeam "Data Technology Pressbaum/E."]
[BlackTeam "SK Austria Wien"]

1. d4 d5 2. Bf4 Nf6 3. e3 c5 4. Nf3 Nc6 5. Nbd2 g6 6. c3 Bg7 7. h3 O-O 8. Be2
Nd7 9. O-O e5 10. dxe5 Ndxe5 11. Nxe5 Nxe5 12. Nf3 Re8 13. Qd2 Nc4 14. Qc1 Qb6
 1/2-1/2

[Event "2. Bundesliga Ost 2019/2020"]
[Site "alle Wien"]
[Date "2020.03.01"]
[Round "9"]
[Board "2"]
[White "Sardy, Peter"]
[Black "Videki, Sandor"]
[Result "1-0"]
[WhiteElo "2352"]
[BlackElo "2405"]
[PlyCount "71"]
[EventDate "2019.10.19"]
[EventType "team"]
[EventRounds "11"]
[EventCountry "AUT"]
[WhiteTeam "SK Austria Wien"]
[BlackTeam "Data Technology Pressbaum/E."]

1. e4 c5 2. Nc3 Nc6 3. Bb5 Nd4 4. Nf3 a6 5. Bc4 b5 6. Bd3 Nc6 7. O-O e6 8. Re1
g5 9. Kh1 h5 10. a4 b4 11. Nd5 g4 12. Ng1 Ne5 13. Ne3 Nxd3 14. cxd3 Bg7 15. Nc4
d6 16. d4 Bxd4 17. Ne2 Bxf2 18. Rf1 Bd4 19. Nxd4 cxd4 20. a5 Rb8 21. d3 Rb5 22.
Qc2 Ke7 23. Qf2 f6 24. Qxd4 Bb7 25. Bd2 e5 26. Qa7 Ke6 27. Ra4 Ne7 28. Qf2 Qf8
29. Rxb4 f5 30. Rxb5 axb5 31. Nxd6 Kxd6 32. Qb6+ Bc6 33. Bb4+ Kd7 34. Qa7+ Ke8
35. Qb8+ Kf7 36. Qxe5  1-0

[Event "2. Bundesliga Ost 2019/2020"]
[Site "alle Wien"]
[Date "2020.03.01"]
[Round "9"]
[Board "3"]
[White "Hechl, Gerald"]
[Black "Wagner, Gregor"]
[Result "1/2-1/2"]
[WhiteElo "2359"]
[BlackElo "2168"]
[PlyCount "100"]
[EventDate "2019.10.19"]
[EventType "team"]
[EventRounds "11"]
[EventCountry "AUT"]
[WhiteTeam "Data Technology Pressbaum/E."]
[BlackTeam "SK Austria Wien"]

1. Nc3 c5 2. Nf3 d5 3. e4 d4 4. Ne2 Nc6 5. Ng3 a6 6. Bc4 e6 7. a4 Nf6 8. d3 Be7
9. O-O O-O 10. c3 Qc7 11. cxd4 cxd4 12. Bd2 Rb8 13. Rc1 b5 14. Bxb5 axb5 15.
Nxd4 bxa4 16. Nxc6 Rxb2 17. Bf4 Qd7 18. Qxa4 Bb7 19. Nxe7+ Qxe7 20. Be5 Rb4 21.
Qa3 Ra8 22. Qc3 Ne8 23. Rb1 Rxb1 24. Rxb1 Rd8 25. Qc4 Qd7 26. h4 h6 27. Rb6 Rc8
28. Qb3 Bc6 29. Nh5 Ba4 30. Qa3 f6 31. Bf4 Bc2 32. Qa2 Bxd3 33. Rxe6 Bc4 34.
Rxe8+ Qxe8 35. Qa5 Qb5 36. Qxb5 Bxb5 37. Ng3 Rc2 38. Nf5 Bd3 39. f3 Kh7 40. h5
Ba6 41. Kh2 Bc8 42. Nd4 Rc4 43. Be3 Rc3 44. Bf2 Bd7 45. g4 Kg8 46. Kg3 Kf7 47.
Ne2 Rc2 48. Nd4 Ra2 49. Be3 Ra3 50. Bf2 Ra2  1/2-1/2

[Event "2. Bundesliga Ost 2019/2020"]
[Site "alle Wien"]
[Date "2020.03.01"]
[Round "9"]
[Board "4"]
[White "Poecksteiner, Johann"]
[Black "Neumeier, Klaus"]
[Result "0-1"]
[WhiteElo "2154"]
[BlackElo "2273"]
[PlyCount "48"]
[EventDate "2019.10.19"]
[EventType "team"]
[EventRounds "11"]
[EventCountry "AUT"]
[WhiteTeam "SK Austria Wien"]
[BlackTeam "Data Technology Pressbaum/E."]

1. d4 d5 2. c4 e6 3. Nc3 Bb4 4. Nf3 Nf6 5. Qa4+ Nc6 6. Ne5 Bd7 7. Nxc6 Bxc3+ 8.
bxc3 Bxc6 9. Qb4 a5 10. Qa3 dxc4 11. f3 b5 12. e4 Nxe4 13. fxe4 Qh4+ 14. Kd1
Qxe4 15. Qc5 Rd8 16. Be2 Rd6 17. Bd2 Qxg2 18. Rf1 O-O 19. Bf4 Rd5 20. Qe7 b4
21. Be3 bxc3 22. Rg1 Qxh2 23. Ke1 Re8 24. Qa3 e5  0-1

[Event "2. Bundesliga Ost 2019/2020"]
[Site "alle Wien"]
[Date "2020.03.01"]
[Round "9"]
[Board "5"]
[White "Weissenbeck, Manuel"]
[Black "Iro, Christian"]
[Result "1-0"]
[WhiteElo "2271"]
[BlackElo "2077"]
[PlyCount "79"]
[EventDate "2019.10.19"]
[EventType "team"]
[EventRounds "11"]
[EventCountry "AUT"]
[WhiteTeam "Data Technology Pressbaum/E."]
[BlackTeam "SK Austria Wien"]

1. d4 Nf6 2. Nf3 e6 3. Bg5 d5 4. Nbd2 Be7 5. e3 c5 6. c3 Nc6 7. Bd3 b6 8. O-O
O-O 9. Ne5 Nxe5 10. dxe5 Nd7 11. Bf4 f5 12. exf6 Nxf6 13. Be5 Bd6 14. f4 g6 15.
e4 Bxe5 16. fxe5 Nh5 17. Qg4 Qe7 18. Rxf8+ Kxf8 19. Rf1+ Kg8 20. Nf3 c4 21. Bc2
Bd7 22. Ng5 Qc5+ 23. Kh1 Rf8 24. Rxf8+ Qxf8 25. Nf3 Qf4 26. Qxf4 Nxf4 27. Kg1
Ne2+ 28. Kf2 Nc1 29. a3 dxe4 30. Bxe4 Nb3 31. Ke3 b5 32. Bc2 Nc5 33. Kd4 Na6
34. Be4 Kf8 35. Bb7 Nc7 36. Kc5 Ke7 37. Ng5 h6 38. Ne4 a6 39. Nd6 g5 40. g3  1-0

[Event "2. Bundesliga Ost 2019/2020"]
[Site "alle Wien"]
[Date "2020.03.01"]
[Round "9"]
[Board "6"]
[White "Pernerstorfer, Johannes"]
[Black "Lucaci, Marius"]
[Result "0-1"]
[WhiteElo "2041"]
[BlackElo "2149"]
[PlyCount "96"]
[EventDate "2019.10.19"]
[EventType "team"]
[EventRounds "11"]
[EventCountry "AUT"]
[WhiteTeam "SK Austria Wien"]
[BlackTeam "Data Technology Pressbaum/E."]

1. e4 e6 2. d4 d5 3. exd5 exd5 4. Nf3 Nc6 5. Bd3 Bg4 6. c3 Bd6 7. O-O Qd7 8.
Re1+ Nge7 9. Nbd2 O-O-O 10. b4 Ng6 11. b5 Nce7 12. Qa4 Kb8 13. Ne5 Nxe5 14.
dxe5 Bc5 15. Nb3 Bb6 16. Be3 Ng6 17. Nc5 Qc8 18. f3 Bf5 19. Qc2 Bxd3 20. Nxd3
Qf5 21. Qe2 d4 22. g4 Qd7 23. cxd4 Bxd4 24. Rad1 Qxb5 25. Bxd4 Rxd4 26. Nf2
Qxe2 27. Rxe2 Rxd1+ 28. Nxd1 Re8 29. Kf2 Nxe5 30. Kg3 Re6 31. Nc3 Kc8 32. Nb5
Nc6 33. Rd2 a6 34. Nc3 Rd6 35. Re2 Rd3 36. Ne4 Nd4 37. Rf2 f6 38. Nc5 Rc3 39.
Ne4 Ra3 40. Kf4 b6 41. g5 Ne6+ 42. Kf5 Nxg5 43. Nxg5 Ra5+ 44. Ke6 Rxg5 45. f4
Rg4 46. f5 h5 47. Kf7 c5 48. Rf3 Kc7  0-1

[Event "2. Bundesliga Ost 2019/2020"]
[Site "alle Wien"]
[Date "2020.03.01"]
[Round "9"]
[Board "1"]
[White "Baumegger, Siegfried"]
[Black "Stanec, Nikolaus"]
[Result "1/2-1/2"]
[WhiteElo "2432"]
[BlackElo "2511"]
[PlyCount "100"]
[EventDate "2019.10.19"]
[EventType "team"]
[EventRounds "11"]
[EventCountry "AUT"]
[WhiteTeam "tschaturanga"]
[BlackTeam "SC Donaustadt"]

1. e4 c5 2. Nf3 d6 3. d4 cxd4 4. Nxd4 Nf6 5. Nc3 Nc6 6. f3 e6 7. Be3 a6 8. Qd2
d5 9. exd5 Nxd5 10. Nxd5 Qxd5 11. Nxc6 Qxc6 12. O-O-O Be7 13. Bd3 O-O 14. Qa5
f5 15. Rhe1 b5 16. Bf4 Bb7 17. Re2 Rad8 18. Qe1 Kf7 19. Be5 Bd6 20. Qh4 Bxe5
21. Rxe5 Kg8 22. Qe1 Rd6 23. Qe3 Qd7 24. Re1 Bd5 25. a3 Qb7 26. Qf4 Rd7 27. g4
Rdf7 28. gxf5 exf5 29. Qg5 h6 30. Qg6 Qc6 31. Qg3 Bc4 32. Bxc4 Qxc4 33. Re6 a5
34. Qe5 Rc7 35. Re2 Rc5 36. Qe3 Rc7 37. Re7 Kh7 38. b3 Rxe7 39. Qxe7 Qf4+ 40.
Kb1 Rf6 41. Qe5 Qxf3 42. Qxb5 Qf1+ 43. Kb2 Re6 44. Re5 Qxb5 45. Rxb5 f4 46. Rf5
g5 47. b4 Kg6 48. Rf8 Kg7 49. Rf5 Kg6 50. Rf8 Kg7  1/2-1/2

[Event "2. Bundesliga Ost 2019/2020"]
[Site "alle Wien"]
[Date "2020.03.01"]
[Round "9"]
[Board "2"]
[White "Pingitzer, Harald"]
[Black "Morgunov, Marc"]
[Result "0-1"]
[WhiteElo "2334"]
[BlackElo "2280"]
[PlyCount "120"]
[EventDate "2019.10.19"]
[EventType "team"]
[EventRounds "11"]
[EventCountry "AUT"]
[WhiteTeam "SC Donaustadt"]
[BlackTeam "tschaturanga"]

1. Nf3 Nf6 2. d4 g6 3. g3 Bg7 4. Bg2 O-O 5. O-O d6 6. b3 c6 7. c4 Nbd7 8. Bb2
Qc7 9. Nc3 Re8 10. Qd2 e5 11. dxe5 dxe5 12. e3 Nc5 13. Rfd1 e4 14. Ne1 Bg4 15.
Ne2 Rad8 16. Qc2 Nd3 17. Nxd3 exd3 18. Rxd3 Bf5 19. e4 Nxe4 20. Bxg7 Nc5 21.
Rxd8 Bxc2 22. Rxe8+ Kxg7 23. Nf4 Qa5 24. Rc1 Bf5 25. Re2 Qa3 26. Rd1 a5 27. f3
a4 28. g4 axb3 29. gxf5 bxa2 30. Ra1 Qc3 31. Raxa2 Qd4+ 32. Rf2 Qxf4 33. fxg6
hxg6 34. Bf1 Ne6 35. Rab2 Nd4 36. Rxb7 Nxf3+ 37. Kh1 Qe3 38. Rbb2 Ne5 39. Rbc2
Ng4 40. Rfe2 Qf3+ 41. Kg1 Ne3 42. Rc1 Qg4+ 43. Kf2 Qd4 44. Rxe3 Qd2+ 45. Be2
Qxc1 46. h3 Qd2 47. Rf3 f5 48. Rd3 Qf4+ 49. Kg2 Kh6 50. Rf3 Qe5 51. Rf2 Kg5 52.
Bf3 Kh4 53. Bxc6 Qg3+ 54. Kf1 Qxh3+ 55. Kg1 Qg3+ 56. Bg2 Qe3 57. Kf1 Qc1+ 58.
Ke2 Qxc4+ 59. Kd1 Kg3 60. Bf1 Qd4+  0-1

[Event "2. Bundesliga Ost 2019/2020"]
[Site "alle Wien"]
[Date "2020.03.01"]
[Round "9"]
[Board "3"]
[White "Sadilek, Maximilian"]
[Black "Schwab, Lukas"]
[Result "1-0"]
[WhiteElo "2313"]
[BlackElo "2166"]
[PlyCount "137"]
[EventDate "2019.10.19"]
[EventType "team"]
[EventRounds "11"]
[EventCountry "AUT"]
[WhiteTeam "tschaturanga"]
[BlackTeam "SC Donaustadt"]

1. e4 e5 2. Bc4 Nc6 3. Nc3 Bc5 4. Qg4 g6 5. Qg3 d6 6. Nge2 Nd4 7. Nxd4 Bxd4 8.
Ne2 Bb6 9. d3 Qe7 10. O-O Be6 11. Bxe6 Qxe6 12. a4 a6 13. a5 Ba7 14. Ra3 Nf6
15. Rb3 b5 16. axb6 Bxb6 17. Be3 Nh5 18. Qf3 Bxe3 19. Qxe3 O-O 20. Ra1 Rab8 21.
Rxb8 Rxb8 22. b3 Rb6 23. g3 Nf6 24. Kg2 d5 25. exd5 Qxd5+ 26. Qf3 Qc5 27. c3
Kg7 28. b4 Qe7 29. Ra5 h5 30. Qe3 Re6 31. f3 Qd6 32. Nc1 Nd7 33. Nb3 Qc6 34.
Nc5 Nxc5 35. Rxc5 Qb6 36. Qe4 Qd6 37. Qc4 Re7 38. Rc6 Qd8 39. Kf2 Rd7 40. Ke2
Qg5 41. Rxc7 Rxc7 42. Qxc7 Qc1 43. Qxe5+ Kg8 44. h4 Qb2+ 45. Ke3 Qc1+ 46. Kd4
Qg1+ 47. Kc4 Qf2 48. Qb8+ Kg7 49. Qf4 Kg8 50. Kb3 Qe2 51. Qe4 Qd1+ 52. Kc4 Qa4
53. Qa8+ Kg7 54. Qd5 Qa2+ 55. Kc5 Qa3 56. Qd4+ Kg8 57. Kb6 Qa1 58. g4 hxg4 59.
fxg4 Qa4 60. Qd8+ Kg7 61. Qd5 Qa1 62. Qd4+ Kg8 63. h5 gxh5 64. gxh5 Qa2 65.
Qg4+ Kh7 66. Qc4 Qf2+ 67. Kxa6 Kh6 68. b5 Qf3 69. Qc6+  1-0

[Event "2. Bundesliga Ost 2019/2020"]
[Site "alle Wien"]
[Date "2020.03.01"]
[Round "9"]
[Board "4"]
[White "Froewis, Annika"]
[Black "Sadilek, Peter"]
[Result "0-1"]
[WhiteElo "2074"]
[BlackElo "2280"]
[PlyCount "76"]
[EventDate "2019.10.19"]
[EventType "team"]
[EventRounds "11"]
[EventCountry "AUT"]
[WhiteTeam "SC Donaustadt"]
[BlackTeam "tschaturanga"]

1. e4 g6 2. d4 Bg7 3. Nc3 d6 4. Be3 c6 5. a4 Nf6 6. h3 Nbd7 7. Qd2 O-O 8. Nf3
Qc7 9. Bh6 e5 10. dxe5 dxe5 11. Bxg7 Kxg7 12. a5 Nc5 13. Qe3 Ne6 14. g3 Rd8 15.
Ne2 Qd6 16. Nd2 Nd4 17. Nxd4 exd4 18. Qd3 Be6 19. Bg2 Nd7 20. f4 Nc5 21. Qa3 d3
22. c3 f5 23. e5 Qf8 24. b4 Ne4 25. Nxe4 fxe4 26. Bxe4 d2+ 27. Kf2 g5 28. Bf3
gxf4 29. gxf4 Qxf4 30. b5 Rf8 31. Rhg1+ Kh8 32. Rg3 Rg8 33. Rxg8+ Rxg8 34. Qd6
Rf8 35. Qd3 Qh2+ 36. Ke3 Qf4+ 37. Kf2 Bc4 38. Qe3 Qh2#  0-1

[Event "2. Bundesliga Ost 2019/2020"]
[Site "alle Wien"]
[Date "2020.03.01"]
[Round "9"]
[Board "5"]
[White "Matt, Fabian"]
[Black "Hechl, Fabian"]
[Result "1-0"]
[WhiteElo "2303"]
[BlackElo "1978"]
[PlyCount "64"]
[EventDate "2019.10.19"]
[EventType "team"]
[EventRounds "11"]
[EventCountry "AUT"]
[WhiteTeam "tschaturanga"]
[BlackTeam "SC Donaustadt"]

1. d4 Nf6 2. c4 g6 3. Nc3 Bg7 4. e4 O-O 5. Be2 c6 6. e5 Ne8 7. f4 d6 8. Be3
dxe5 9. dxe5 Nc7 10. Qb3 Ne6 11. Nf3 Qa5 12. O-O Na6 13. a3 Bh6 14. g3 Qc7 15.
Rac1 Nec5 16. Qa2 Bf5 17. b4 Ne6 18. b5 Nac5 19. Nd5 Qd7 20. Rfd1 cxd5 21. cxd5
Nxf4 22. gxf4 Ne4 23. Nd4 Rac8 24. Qb3 Rxc1 25. Bxc1 Rc8 26. Bf3 Rc5 27. Nxf5
Qxf5 28. Qd3 Nc3 29. Qxf5 gxf5 30. d6 exd6 31. exd6 Rc8 32. Bxb7 Rb8  1-0

[Event "2. Bundesliga Ost 2019/2020"]
[Site "alle Wien"]
[Date "2020.03.01"]
[Round "9"]
[Board "6"]
[White "Niedersberger, Andreas"]
[Black "Kaphle, Sebastian"]
[Result "0-1"]
[WhiteElo "2036"]
[BlackElo "2191"]
[PlyCount "62"]
[EventDate "2019.10.19"]
[EventType "team"]
[EventRounds "11"]
[EventCountry "AUT"]
[WhiteTeam "SC Donaustadt"]
[BlackTeam "tschaturanga"]

1. d4 Nf6 2. c4 e6 3. Nf3 d5 4. g3 Be7 5. Bg2 O-O 6. O-O dxc4 7. Qc2 a6 8. Qxc4
b5 9. Qc2 Bb7 10. Nc3 Nbd7 11. a3 c5 12. Rd1 cxd4 13. Nxd4 Bxg2 14. Kxg2 Rc8
15. e4 Qc7 16. Qe2 Nb6 17. f3 Rfd8 18. Nc2 Rxd1 19. Qxd1 Na4 20. Nb4 Nxc3 21.
bxc3 Qxc3 22. Bd2 Qd4 23. Rc1 Rd8 24. Rc2 Bxb4 25. axb4 Qd3 26. Kf2 Nd7 27. Qc1
Ne5 28. Be3 Nc4 29. Ra2 Qb3 30. Rxa6 h6 31. Bf4 Rd1  0-1